Technológia papiera pre 3. ročník stredných priemyselných škôl papiernických, odbor výroba celulózy a papiera /

Hlavní autor: Čaněk, Bohuslav, 1910-1982
Jazyk: Slovenština
Vydáno: Bratislava : Alfa, 1985
Vydání: 2. nezm. slov. vyd.
Edice: Edícia drevárskej literatúry
Fyzický popis: 322 s.
Knihy
Uloženo v:
LEADER 00953nam a22002532a 4500
001 000115503
003 CZ BrMZK
005 20021002112553.0
007 ta
008 010907s1985 xo f slo d
040 |a BOA001  |b cze  |c BOA001 
041 1 |a slo  |h cze 
080 |a 676.2(075.3):377.5:672.6  |2 MRF 
100 1 |a Čaněk, Bohuslav,  |d 1910-1982  |7 jk01020976  |4 aut 
245 1 0 |a Technológia papiera pre 3. ročník stredných priemyselných škôl papiernických, odbor výroba celulózy a papiera /  |c Bohuslav Čaněk ... [et al.] 
250 |a 2. nezm. slov. vyd. 
260 |a Bratislava :  |b Alfa,  |c 1985 
300 |a 322 s. 
490 1 |a Edícia drevárskej literatúry 
765 0 |t Technologie papíru pro 3. ročník SPŠ papírenských  |9 Slovensky 
830 0 |a Edícia drevárskej literatúry 
910 |a BOA001  |b 2-0787.672-85 
990 |a BK 
996 7 |b 2619965798  |c 2-0787.672-85  |l MZK  |r Sklad / do 1 hodiny  |n 2  |w 000115503  |u 000010  |a 1  |e BOA001  |j MZK50  |s A